| 000 | 00902cam a22002531 4500 | ||
|---|---|---|---|
| 001 | e 28000016 | ||
| 003 | DLC | ||
| 005 | 20260227111218.0 | ||
| 008 | 800227s1928 dcua f000 0 eng c | ||
| 010 | _ae 28000016 | ||
| 035 | _a(OCoLC)6024984 | ||
| 040 |
_aLibrary, U.S. Bur. of Education _cMChB _dDLC |
||
| 042 | _apremarc | ||
| 043 | _an-us--- | ||
| 050 | 0 | 0 |
_aLB111 _b.A6 |
| 051 |
_aLB1771 _b.A3 1928 |
||
| 100 | 1 | _aCook, Katherine Margaret O'Brien. | |
| 245 | 1 | 0 |
_aState laws and regulations governing teachers' certificates, _cby Katherine M. Cook, chief, Division of rural education, Bureau of education. |
| 260 |
_aWashington, _bU.S. Govt. print. off., _c1928. |
||
| 300 |
_av, 296 p. _bincl. tables, diagrs. _c23 cm. |
||
| 490 | 0 |
_a[U.S.] Bureau of education. Bulletin, 1927, _vno. 19 |
|
| 500 | _aAt head of title: Department of the interior... | ||
| 650 | 0 |
_aTeachers _zUnited States. |
|
| 999 |
_c20897 _d20897 |
||